Tunnista koirarotu - Statistics

Yleistilastot
  • Tätä visaa on pelattu 521 kertaa
    274 viimeisimmän päivityksen jälkeen
  • Keskiarvotulos 24 / 38
Vastaustilastot
Kuvavisa Vastaus % Oikein
mäyräkoira
89%
saksanpaimenkoira
88%
kultainennoutaja
87%
beagle
83%
dalmatiankoira
83%
mopsi
83%
labradorinnoutaja
81%
siperianhusky
81%
rottweiler
75%
suomenajokoira
75%
chihuahua
73%
collie
73%
suomenlapinkoira
72%
villakoira
70%
jackrussellinterrieri
69%
suomenpystykorva
66%
shiba
63%
shetlanninlammaskoira
60%
samojedinkoira
59%
bokseri
58%
cockerspanieli
58%
bordercollie
57%
chow chow
57%
bullterrieri
56%
pinseri
56%
kiinanharjakoira
55%
pomeranian
54%
mastiffi
51%
snautseri
51%
tiibetinspanieli
51%
ranskanbulldoggi
50%
alaskanmalamuutti
49%
novascotiannoutaja
49%
espanjanvesikoira
45%
tanskandoggi
44%
puli
33%
leonberginkoira
30%
coton de tulear
27%
Ehtoja vastaavia visoja ei löytynyt
Tulosjakauma
Jokaisen tuloksen saaneiden osuus
Persentiili vastausten määrän mukaan
Tuloshistoriasi
Et ole pelannut tätä visaa sen viimeisimmän päivityksen jälkeen